1083 1552 1642 1452 1810 1252 1826 1080 1805 1515 1963 1634 1186 1550 1639 1902 1474 1373 1835 1868 1269 1832 1251 1319 1410 1495 1150 1422 1075 1922 1849 1437 1275 1438 1635 1755 1426 2000 1499 1734 1153 1280 1357 1640 1676 1146 1384 1847 1393 1770 1591 1932 1110 1695 1250 1517 1657 1707 1501 1445 1909 1701 1174 1952 1833 1595 1244 1441 1458 1963 1565 1112 1277 1236 1166 1955 1273 1366 1203 1013 1038 1459 1135 1637 1035 1302 1079 1823 1232 1135 1740 1473 1746 1460 1156 1984 1082 1477 1342 BCNSPRNW ULIB Ver.6.0+V

เปลี่ยนเป็นภาษาไทย

Change to English
 แสดงรายละเอียดบรรณานุกรม
  กลับหน้าหลัก

Brief Record : Get Marc (ISO 2709) : E-mail record : QR code < ปิดหน้าต่าง
LEADER : 00000nam 2200000uu 4500
001    13399122680
003     ULIB
008    130827s2553||||th 000 0 tha d
020    ^a9789746726238
060    ^aWE500^bอ372ค
100    ^aอรวรรณ ประศาสตร์วุฒิ
110    ^aมหาวิทยาลัยเชียงใหม่^bคณะเทคนิคการแพทย์^bภาควิชากายภาพบำบัด
245    ^aความล้าของกล้ามเนื้อ^b=Fatigue./^cอรวรรณ ประศาสตร์วุฒิ
260    ^aเชียงใหม่ :^bมหาวิทยาลัยเชียงใหม่,^c2553
300    ^a127 หน้า
650    ^aกล้ามเนื้อ
650    ^aFatigue
650    ^aความล้า^xกล้ามเนื้อ
945    ^p230^l0^i033933
945    ^p230^l0^i033934
999    ^aเกษร โพธิ์สุวรรณ
รายการนี้ยังไม่มีแท็ก
คุณยังไม่ได้ล็อกอิน คุณสามารถมีกิจกรรมร่วมกับเว็บไซต์ได้ แต่ต้องล็อกอินก่อน ::
  ล็อกอิน

รายการสื่อสารสนเทศ

ลำดับที่ ประเภท เลขเรียก/บาร์โค้ด สถานที่ สถานะ
1. วิทยาศาสตร์การแพทย์ และสุขภาพ
หนังสือสำรอง
สถานะ=หนังสือสำรอง
WE500 อ372ค ฉ.1 
  Barcode: 033933
ห้องสมุดวิทยาเขตสวรรค์ประชารักษ์
►ส่วนจัดเก็บหนังสือเก่า สปร
บนชั้น
  ขอยืม
2. วิทยาศาสตร์การแพทย์ และสุขภาพ
วิทยาศาสตร์การแพทย์ และสุขภาพ
WE500 อ372ค ฉ.2 
  Barcode: 033934
ห้องสมุดวิทยาเขตสวรรค์ประชารักษ์
►ส่วนจัดเก็บหนังสือเก่า สปร
บนชั้น
  ขอยืม

รายการใกล้เคียง
    ผู้แต่ง [อรวรรณ ประศาสตร์วุฒิ]

    หัวเรื่อง [กล้ามเนื้อ]
    หัวเรื่อง [Fatigue]

BibComment


ยังไม่เคยถูกคอมเมนท์

คอมเมนท์ทรัพยากรรายการนี้
  คอมเมนท์: ความล้าของกล้ามเ..


 Copyright 2026. Bcnsprnw @Library